[Event "Pula op 34th"]
[White "Bonaca, Dario"]
[Black "Pastar, Slaven"]
[Site "Pula"]
[Round "1"]
[Result "0-1"]
[Date "2022.06.18"]
[WhiteElo "1923"]
[BlackElo "2300"]
[PlyCount "76"]
[EventDate "2022.06.18"]
[EventType "swiss"]
[EventRounds "9"]
[EventCountry "CRO"]
[SourceTitle "CBM 209 Extra"]
[Source "ChessBase"]
[SourceDate "2022.09.30"]
[SourceVersion "1"]
[SourceVersionDate "2022.09.30"]
[SourceQuality "1"]

1. d4 e6 2. Bf4 Nf6 3. e3 b6 4. Nf3 Be7 5. Nbd2 Nh5 6. Bg3 Bb7 7. Bd3 d6 8. Qe2 Nd7 9. Ba6 Nxg3 10. hxg3 Qc8 11. Bxb7 Qxb7 12. Qd3 g6 13. 0-0-0 b5 14. Qe4 c6 15. Rh3 h5 16. Rdh1 Nf6 17. Qd3 Kf8 18. Ne4 Ng4 19. Qe2 Kg7 20. Nfg5 c5 21. f3 Nh6 22. dxc5 dxc5 23. g4 hxg4 24. fxg4 Qd5 25. Qd3 b4 26. Kb1 Bxg5 27. Qxd5 exd5 28. Nxg5 Nxg4 29. Rh7+ Rxh7 30. Rxh7+ Kf6 31. Nxf7 Rf8 32. Nh6 Nxe3 33. a3 bxa3 34. bxa3 a5 35. g3 g5 36. Ra7 Kg6 37. Re7 d4 38. Re6+ Rf6 0-1

[Event "CRO-CupT final"]
[White "Makovec, Bruno"]
[Black "Bonaca, Dario"]
[Site "Sibenik"]
[Round "4.11"]
[Result "1-0"]
[Date "2015.05.22"]
[WhiteElo "2189"]
[BlackElo "1935"]
[PlyCount "93"]
[EventDate "2015.05.20"]
[EventType "team-swiss"]
[EventRounds "6"]
[EventCountry "CRO"]
[SourceTitle "CBM 166 Extra"]
[Source "ChessBase"]
[SourceDate "2015.06.18"]
[SourceVersion "1"]
[SourceVersionDate "2015.06.18"]
[SourceQuality "1"]
[WhiteTeam "Mihovljan Sloboda"]
[BlackTeam "Porec Gortan"]
[WhiteTeamCountry "CRO"]
[BlackTeamCountry "CRO"]

1. d4 g6 2. c4 Bg7 3. Nc3 c5 4. d5 d6 5. e4 Nf6 6. Nf3 0-0 7. Be2 a6 8. 0-0 Bd7 9. a4 a5 10. h3 Na6 11. Be3 Nb4 12. Qd2 Re8 13. e5 dxe5 14. Nxe5 Bf5 15. Nd3 Bxd3 16. Bxd3 b6 17. Be2 Qd7 18. Bf3 Rad8 19. Rad1 Qf5 20. Qe2 h5 21. Bc1 Qc8 22. Nb5 e5 23. Bg5 Qf5 24. Bxf6 Qxf6 25. Be4 Qh4 26. d6 f5 27. Bd5+ Nxd5 28. Rxd5 Re6 29. Rfd1 Qf6 30. Qd2 Bf8 31. d7 e4 32. b3 f4 33. Qc3 Qe7 34. Nc7 Bg7 35. Qc2 Rc6 36. Nb5 e3 37. Qd3 e2 38. Re1 Re6 39. f3 Kf7 40. Nd6+ Kf8 41. Ne4 Bd4+ 42. Kh1 Rxd7 43. Rxe2 Re5 44. Qd2 Rexd5 45. cxd5 Qe5 46. Nxc5 Be3 47. Nxd7+ 1-0

[Event "CRO-chT2 West"]
[White "Bonaca, Dario"]
[Black "Levar, Nenad"]
[Site "Croatia"]
[Round "6.5"]
[Result "0-1"]
[Date "2015.03.22"]
[WhiteElo "1940"]
[BlackElo "2143"]
[PlyCount "96"]
[EventDate "2015.02.21"]
[EventType "team-tourn"]
[EventRounds "9"]
[EventCountry "CRO"]
[SourceTitle "EXT 2016"]
[Source "ChessBase"]
[SourceDate "2015.10.08"]
[SourceVersion "1"]
[SourceVersionDate "2015.10.08"]
[SourceQuality "1"]
[WhiteTeam "Porec Gortan"]
[BlackTeam "Karlobag"]
[WhiteTeamCountry "CRO"]
[BlackTeamCountry "CRO"]

1. d4 Nf6 2. Nf3 g6 3. c4 Bg7 4. Nc3 0-0 5. Bf4 d6 6. e3 Nbd7 7. Be2 b6 8. 0-0 Bb7 9. Qc2 Re8 10. Rad1 Qc8 11. h3 e5 12. dxe5 Nxe5 13. Nxe5 dxe5 14. Bg5 h6 15. Bxf6 Bxf6 16. Bg4 Qb8 17. Nd5 Bd8 18. Bd7 Rf8 19. Qa4 a6 20. a3 Ra7 21. Rd2 Qa8 22. Rfd1 c6 23. Nc3 b5 24. cxb5 cxb5 25. Qg4 h5 26. Qg3 Bf6 27. Be6 Kh7 28. Bd5 Bxd5 29. Nxd5 Bg7 30. e4 Qc6 31. Qc3 Qa8 32. Rc2 Rd8 33. Qc6 Qb8 34. Rdc1 a5 35. Rc5 Rb7 36. Qa6 a4 37. Rc7 Rxc7 38. Rxc7 Rxd5 39. exd5 Qxc7 40. Qc6 Qd8 41. d6 e4 42. Qc7 Qf8 43. d7 Bf6 44. Qc6 Kg7 45. Qxb5 Qe7 46. Qd5 e3 47. fxe3 Qxe3+ 48. Kh2 Be5+ 0-1

[Event "CRO Cup 21st"]
[White "Galic, Kruno"]
[Black "Bonaca, Dario"]
[Site "Sibenik"]
[Round "6.133"]
[Result "1/2-1/2"]
[Date "2012.05.20"]
[WhiteElo "2107"]
[BlackElo "1960"]
[PlyCount "63"]
[EventDate "2012.05.16"]
[EventType "team-swiss"]
[EventRounds "6"]
[EventCountry "CRO"]
[SourceTitle "CBM 148 Extra"]
[Source "ChessBase"]
[SourceDate "2012.06.22"]
[SourceVersion "1"]
[SourceVersionDate "2012.06.22"]
[SourceQuality "1"]
[WhiteTeam "Sisak"]
[BlackTeam "Porec Gortan"]
[WhiteTeamCountry "CRO"]
[BlackTeamCountry "CRO"]

1. d4 Nf6 2. c4 g6 3. Nc3 Bg7 4. e4 d6 5. Nf3 0-0 6. Be2 c5 7. d5 Bg4 8. 0-0 Nbd7 9. h3 Bxf3 10. Bxf3 Ne8 11. Qc2 e6 12. Be3 e5 13. Bg4 Nef6 14. Bxd7 Nxd7 15. a3 Qe7 16. b4 b6 17. bxc5 bxc5 18. Rab1 Nb6 19. Na4 Rfb8 20. Nxb6 Rxb6 21. Rxb6 axb6 22. a4 Qd7 23. Ra1 f5 24. f3 Bf6 25. Qb3 f4 26. Bf2 Bd8 27. Be1 Kf7 28. Bc3 g5 29. Qb5 Ke8 30. Kf2 Qxb5 31. axb5 Rxa1 32. Bxa1 1/2-1/2

[Event "CRO-chT2 West"]
[White "Juras, Zvonko"]
[Black "Bonaca, Dario"]
[Site "Croatia"]
[Round "7.36"]
[Result "0-1"]
[Date "2011.11.05"]
[WhiteElo "1910"]
[BlackElo "1913"]
[PlyCount "68"]
[EventDate "2011.03.12"]
[EventType "team-tourn"]
[EventRounds "9"]
[EventCountry "CRO"]
[SourceTitle "EXT 2014"]
[Source "ChessBase"]
[SourceDate "2013.11.20"]
[SourceVersion "1"]
[SourceVersionDate "2013.11.20"]
[SourceQuality "1"]

1. e4 e5 2. Nf3 Nc6 3. Bb5 Nf6 4. 0-0 Nxe4 5. d4 Nd6 6. Bxc6 dxc6 7. dxe5 Nf5 8. Nc3 Be6 9. g4 Ne7 10. Nd4 Bc4 11. Re1 Qd7 12. b3 0-0-0 13. Be3 Ba6 14. Qf3 Ng6 15. e6 fxe6 16. Rad1 Bd6 17. Qe4 Rde8 18. Nde2 b6 19. Qa4 Bb7 20. Ne4 e5 21. f3 Nh4 22. Kf2 Rhf8 23. Ng1 Kb8 24. Kg3 Ng6 25. Re2 Qe7 26. Bg5 Qe6 27. Red2 Be7 28. Rd7 Bxg5 29. Nxg5 Qf6 30. N5h3 c5 31. g5 Qf5 32. Qg4 Qxc2 33. R1d2 Qb1 34. Nf2 Qxg1+ 0-1

[Event "CRO-Cup 20th"]
[White "Berke, Ana"]
[Black "Bonaca, Dario"]
[Site "Sibenik"]
[Round "5.93"]
[Result "1-0"]
[Date "2011.05.21"]
[WhiteElo "2170"]
[BlackElo "1944"]
[PlyCount "121"]
[EventDate "2011.05.18"]
[EventType "team-swiss"]
[EventRounds "6"]
[EventCountry "CRO"]
[SourceTitle "CBM 142 Extra"]
[Source "ChessBase"]
[SourceDate "2011.06.27"]
[SourceVersion "1"]
[SourceVersionDate "2011.06.27"]
[SourceQuality "1"]
[WhiteTeam "Rijeka Liburnija (W)"]
[BlackTeam "Porec Gortan"]
[WhiteTeamCountry "CRO"]
[BlackTeamCountry "CRO"]

1. e4 d6 2. d4 Nf6 3. Nc3 e5 4. Nf3 Nbd7 5. Bc4 Be7 6. 0-0 0-0 7. a4 c6 8. Re1 b6 9. h3 Bb7 10. d5 c5 11. a5 bxa5 12. Nd2 Ne8 13. Nb3 Nb6 14. Bf1 a4 15. Nxa4 Nxa4 16. Rxa4 f5 17. Na5 Qd7 18. c4 Bc8 19. Nc6 f4 20. Be2 Nf6 21. Bf3 Rf7 22. Bd2 g5 23. b4 Rg7 24. bxc5 dxc5 25. Nxe5 Qe8 26. Ng4 Nxg4 27. hxg4 Bf6 28. Ra3 h5 29. Bc3 Bxc3 30. Rxc3 Qe5 31. Ra3 a5 32. Qa1 Qxa1 33. Rexa1 hxg4 34. Be2 Rga7 35. e5 Bf5 36. e6 Kg7 37. Kf1 Kf6 38. Ke1 Ke5 39. Kd2 Rb7 40. Kc3 Rab8 41. Bd1 Rb2 42. R3a2 Rxa2 43. Rxa2 Ra8 44. Re2+ Kd6 45. Ba4 Ra7 46. Rb2 g3 47. Rb6+ Ke5 48. fxg3 fxg3 49. Rb8 Be4 50. Rg8 Bxg2 51. Rxg5+ Kf4 52. Rg6 Be4 53. Rg8 g2 54. d6 Ra8 55. Rg7 Rh8 56. e7 Rh3+ 57. Kd2 Rd3+ 58. Ke2 Re3+ 59. Kf2 Rf3+ 60. Kxg2 Rg3+ 61. Kf1 1-0

[Event "CRO-Cup 20th"]
[White "Bonaca, Dario"]
[Black "Ivankovic, Ivo"]
[Site "Sibenik"]
[Round "4.73"]
[Result "0-1"]
[Date "2011.05.20"]
[WhiteElo "1944"]
[BlackElo "2127"]
[PlyCount "84"]
[EventDate "2011.05.18"]
[EventType "team-swiss"]
[EventRounds "6"]
[EventCountry "CRO"]
[SourceTitle "CBM 142 Extra"]
[Source "ChessBase"]
[SourceDate "2011.06.27"]
[SourceVersion "1"]
[SourceVersionDate "2011.06.27"]
[SourceQuality "1"]
[WhiteTeam "Porec Gortan"]
[BlackTeam "Dubrovnik"]
[WhiteTeamCountry "CRO"]
[BlackTeamCountry "CRO"]

1. d4 Nf6 2. c4 c5 3. d5 b5 4. cxb5 a6 5. b6 g6 6. Nc3 d6 7. e4 Bg7 8. Be2 0-0 9. Nf3 Nbd7 10. b7 Bxb7 11. 0-0 Qb6 12. Rb1 Rfb8 13. Nd2 Ne8 14. Nc4 Qd8 15. Bd2 Nc7 16. Na4 Nb5 17. Na5 Nd4 18. b4 Bc8 19. Nc4 a5 20. b5 Rxb5 21. Rxb5 Nxb5 22. e5 dxe5 23. Nxe5 Nxe5 24. Bxb5 Rb8 25. Bc6 Ba6 26. Re1 Nd3 27. Re3 Bd4 28. Rf3 Nb4 29. Bxb4 axb4 30. h4 Bc4 31. Nxc5 Bxc5 32. Qc2 Bxa2 33. Qxa2 Qb6 34. Qb3 Bd6 35. g4 Qd4 36. Bd7 Ra8 37. Qd3 Ra1+ 38. Kg2 Qe5 39. Re3 Qh2+ 40. Kf3 Qxh4 41. Qc2 Qh1+ 42. Ke2 Re1+ 0-1

[Event "CRO-Cup 20th"]
[White "Bonaca, Dario"]
[Black "Florjan, Mladen"]
[Site "Sibenik"]
[Round "2.73"]
[Result "1-0"]
[Date "2011.05.19"]
[WhiteElo "1944"]
[BlackElo "2011"]
[PlyCount "85"]
[EventDate "2011.05.18"]
[EventType "team-swiss"]
[EventRounds "6"]
[EventCountry "CRO"]
[SourceTitle "CBM 142 Extra"]
[Source "ChessBase"]
[SourceDate "2011.06.27"]
[SourceVersion "1"]
[SourceVersionDate "2011.06.27"]
[SourceQuality "1"]
[WhiteTeam "Porec Gortan"]
[BlackTeam "Varazdin"]
[WhiteTeamCountry "CRO"]
[BlackTeamCountry "CRO"]

1. d4 Nf6 2. Bg5 Ne4 3. Bh4 c5 4. f3 Qa5+ 5. c3 Nd6 6. e3 Nf5 7. Bf2 cxd4 8. b4 Qc7 9. exd4 d5 10. Bd3 g6 11. Qb3 Be6 12. Ne2 Bh6 13. Bxf5 gxf5 14. a4 Nd7 15. a5 Rg8 16. 0-0 Rg6 17. Na3 a6 18. Rad1 Kf8 19. Nc2 Nf6 20. Ne1 Nh5 21. Nd3 Bf4 22. Nexf4 Nxf4 23. Ne5 Rh6 24. Be3 Ne2+ 25. Kf2 f4 26. Bd2 Bd7 27. Nxd7+ Qxd7 28. Kxe2 Rxh2 29. Kf2 Qh3 30. Rg1 Qg3+ 31. Kf1 Rd8 32. Be1 Qg5 33. b5 Rd6 34. bxa6 Rxa6 35. c4 dxc4 36. Qxb7 Re6 37. a6 Qh5 38. a7 Rh1 39. a8Q+ Kg7 40. Qbc8 Qh2 41. Qh8+ Kg6 42. Qag8+ Kf5 43. Qg4# 1-0

[Event "CRO-chT2 West"]
[White "Bonaca, Dario"]
[Black "Mance, Milivoj"]
[Site "Croatia"]
[Round "4.26"]
[Result "1-0"]
[Date "2011.04.09"]
[WhiteElo "1913"]
[BlackElo "2072"]
[PlyCount "85"]
[EventDate "2011.03.12"]
[EventType "team-tourn"]
[EventRounds "9"]
[EventCountry "CRO"]
[SourceTitle "EXT 2014"]
[Source "ChessBase"]
[SourceDate "2013.11.20"]
[SourceVersion "1"]
[SourceVersionDate "2013.11.20"]
[SourceQuality "1"]

1. d4 Nf6 2. c4 e6 3. Nf3 d5 4. Nc3 Be7 5. Bg5 0-0 6. e3 Nc6 7. Rc1 h6 8. Bh4 b6 9. cxd5 Nxd5 10. Bxe7 Ndxe7 11. a3 Bb7 12. Bd3 Nb8 13. 0-0 Nd7 14. b4 Nf6 15. Qe2 Ned5 16. Ne4 Nxe4 17. Bxe4 Nc3 18. Rxc3 Bxe4 19. Rfc1 a5 20. b5 Qd6 21. Ne5 Rfc8 22. f3 Bb7 23. Qc2 f6 24. Nc4 Qd5 25. Qg6 Qd7 26. a4 Rab8 27. Qg3 Qd8 28. h4 c5 29. Nd6 e5 30. Nxc8 Rxc8 31. dxc5 bxc5 32. Rxc5 Rxc5 33. Rxc5 Qd6 34. Rc3 Bd5 35. Kh2 f5 36. h5 Bf7 37. Rc6 Qb4 38. Rxh6 Qxa4 39. b6 Qb4 40. Qg5 Be8 41. Re6 Bd7 42. h6 g6 43. Re7 1-0